Design of containment systems for the prevention of water pollution from industrial incidents. (Record no. 96811)

MARC details
000 -LEADER
fixed length control field 00868cam a2200301 4500
008 - FIXED-LENGTH DATA ELEMENTS--GENERAL INFORMATION
fixed length control field 090401t1997 xxu||||| |||| 00| 0 eng d
020 ## - INTERNATIONAL STANDARD BOOK NUMBER
International Standard Book Number 086017476X
035 ## - SYSTEM CONTROL NUMBER
System control number (Sirsi) u82665
041 ## - LANGUAGE CODE
Language code of text/sound track or separate title eng
050 ## - LIBRARY OF CONGRESS CALL NUMBER
Classification number 628.1683
100 ## - MAIN ENTRY--PERSONAL NAME
Personal name Mason, P.A.
245 ## - TITLE STATEMENT
Title Design of containment systems for the prevention of water pollution from industrial incidents.
260 ## - PUBLICATION, DISTRIBUTION, ETC.
Place of publication, distribution, etc. London
Name of publisher, distributor, etc. CIRIA
Date of publication, distribution, etc. 1997
300 ## - PHYSICAL DESCRIPTION
Extent 319p. ; 30cm.
350 ## - PRICE (NR) (BK AM CF MU VM SE) [OBSOLETE]
Price 85
490 ## - SERIES STATEMENT
Series statement CIRIA Report
Volume/sequential designation 164
650 ## - SUBJECT ADDED ENTRY--TOPICAL TERM
Topical term or geographic name entry element CONTAINMENT SYSTEMS
650 ## - SUBJECT ADDED ENTRY--TOPICAL TERM
Topical term or geographic name entry element INDUSTRIAL POLLUTION
650 ## - SUBJECT ADDED ENTRY--TOPICAL TERM
Topical term or geographic name entry element WATER POLLUTION
690 ## - LOCAL SUBJECT ADDED ENTRY--TOPICAL TERM (OCLC, RLIN)
Topical term or geographic name as entry element ENVIRONMENTAL AND LAND CONSULTANCY
700 ## - ADDED ENTRY--PERSONAL NAME
Personal name Amies, H.J.
700 ## - ADDED ENTRY--PERSONAL NAME
Personal name Edwards, P.R.
700 ## - ADDED ENTRY--PERSONAL NAME
Personal name Rose, G.
700 ## - ADDED ENTRY--PERSONAL NAME
Personal name Sangarapillai, G.
710 ## - ADDED ENTRY--CORPORATE NAME
Corporate name or jurisdiction name as entry element Construction Industry Research and Information Association
9 (RLIN) 4810
942 ## - ADDED ENTRY ELEMENTS (KOHA)
Suppress in OPAC 0
948 ## - LOCAL PROCESSING INFORMATION (OCLC); SERIES PART DESIGNATOR (RLIN)
c (OCLC) 15/12/1997
Holdings
Withdrawn status Lost status Source of classification or shelving scheme Damaged status Not for loan Home library Current library Shelving location Date acquired Cost, normal purchase price Total Checkouts Full call number Barcode Date last seen Copy number Cost, replacement price Price effective from Koha item type
    Dewey Decimal Classification     London London Folio 14/09/1999 85.00   F628.1683 30054222 06/08/2019 1 85.00 06/08/2019 Book